|
|
|
|
| LEADER |
05926nam a22004693i 4500 |
| 001 |
EBC5926362 |
| 003 |
MiAaPQ |
| 005 |
20231204023214.0 |
| 006 |
m o d | |
| 007 |
cr cnu|||||||| |
| 008 |
231204s2019 xx o ||||0 eng d |
| 020 |
|
|
|a 9783030114640
|q (electronic bk.)
|
| 020 |
|
|
|z 9783030114633
|
| 035 |
|
|
|a (MiAaPQ)EBC5926362
|
| 035 |
|
|
|a (Au-PeEL)EBL5926362
|
| 035 |
|
|
|a (OCoLC)1117772242
|
| 040 |
|
|
|a MiAaPQ
|b eng
|e rda
|e pn
|c MiAaPQ
|d MiAaPQ
|
| 050 |
|
4 |
|a GN575-585
|
| 082 |
0 |
|
|a 363.69094
|
| 100 |
1 |
|
|a Lähdesmäki, Tuuli.
|
| 245 |
1 |
0 |
|a Dissonant Heritages and Memories in Contemporary Europe.
|
| 250 |
|
|
|a 1st ed.
|
| 264 |
|
1 |
|a Cham :
|b Springer International Publishing AG,
|c 2019.
|
| 264 |
|
4 |
|c {copy}2019.
|
| 300 |
|
|
|a 1 online resource (305 pages)
|
| 336 |
|
|
|a text
|b txt
|2 rdacontent
|
| 337 |
|
|
|a computer
|b c
|2 rdamedia
|
| 338 |
|
|
|a online resource
|b cr
|2 rdacarrier
|
| 490 |
1 |
|
|a Palgrave Studies in Cultural Heritage and Conflict Series
|
| 505 |
0 |
|
|a Dissonant Heritages and Memories in Contemporary Europe -- Preface -- Contents -- Notes on Contributors -- List of Figures -- Chapter 1 Introduction: Europe, Heritage and Memory-Dissonant Encounters and Explorations -- Encounters at the Crossroads of Research Agendas -- Dissonant Heritages in Europe -- Explorations of Heritage and Memory Dissonances in Contemporary Europe -- References -- Part I Conflict and Reconciliation -- Chapter 2 Conflicts and Reconciliation in the Postmillennial Heritage-Policy Discourses of the Council of Europe and the European Union -- Introduction -- The EU and the Council of Europe as Heritage-Policy Actors -- European Heritage-Policy Discourses as Tools to Tackle Contemporary Challenges -- Tackling Challenges: The Council of Europe -- Tackling Challenges: The EU -- Threats and Possibilities of European Heritage-Policy Discourses -- Conclusions -- References -- Chapter 3 Interconceptualizing Europe and Peace: Identity Building Under the European Heritage Label -- Material and Methodological Approach -- Theoretical Framework: Politics of Past, Memory, and Heritage -- The Concept of Peace in European Integration -- Interconceptualizations of Europe and Peace in the EHL Sites -- Peace Treaties and Conventions -- Peace Institutions -- Peace Practices -- Peace Symbols -- European Peace Narrative: Harmonious and Dissonant -- Conclusions: Building Identity Through a European Peace Heritage -- References -- Chapter 4 Europe's Peat Fire: Intangible Heritage and the Crusades for Identity -- What's in a Song? -- The Intangible Heritage Turn -- What's on the List? -- The Hyperreality of Heritage Communities -- Our Way of Life -- From Black Pete to Kolobok -- Conclusion -- References -- Part II Borders and Mobility -- Chapter 5 Bodies Making Spaces: Understanding the Airport as a Site of Dissonance.
|
| 505 |
8 |
|
|a Methodological Framework and Conceptual Approach -- Space and Belonging -- Europe and Race -- Bordering Processes -- Politics of the Airport -- Phenomenology of the Airport -- Peripheral Imaginaries -- The Airport: Non-place or Heritage Site? -- Conclusion -- References -- Chapter 6 Politics of Mobility and Stability in Authorizing European Heritage: Estonia's Great Guild Hall -- Politics of Mobility and Stability in Forming AHD -- Dissonance of Europeanization and Domestication -- The Great Guild Hall as Empirical Data -- The Politics of Mobility and Stability in the Exhibitions -- Depoliticizing and Naturalizing Stability and Mobility -- Problematizing and Politicizing Stability and Mobility -- Discussion and Conclusions -- References -- Part III Colonial Pasts in the Present -- Chapter 7 A Geography of Coloniality: Re-narrating European Integration -- The European Heritage Label and Authorized Heritage Discourse -- Modernity/Coloniality and Lingering Eurocentrism -- Narrating European Significance in the European Heritage Label -- The Idea of "European Values" -- Narrating Integration -- Spreading Europeanness Beyond Europe -- A Geography of Coloniality -- Concluding Remarks -- Appendix 1: List of European Heritage Label Sites 2011-2016 -- Data -- Chapter 8 Contesting Cultural Heritage: Decolonizing the Tropenmuseum as an Intervention in the Dutch/European Memory Complex -- Introduction -- Conceptualizing Contested Heritage and Introducing the Research Questions -- The Tropenmuseum: A Short History and Observations from Early 2017 -- Decolonizing the Tropenmuseum: Interventions by an Activist Group and Critical Curators -- Observed Changes in the Tropenmuseum -- Contextualizing Changes to the Cultural Archive and Memory Complex: Success or Failure? -- Conclusion and Theoretical Reflection -- References.
|
| 505 |
8 |
|
|a Chapter 9 Geography of Emotions Across the Black Mediterranean: Oral Memories and Dissonant Heritages of Slavery and the Colonial Past -- Introduction -- Dissonant Memories and Imaginative Geographies -- Theorizing a Geography of Emotions -- Dissonant Heritages of the Black Mediterranean -- Oral Memories of the Black Mediterranean -- Conclusions -- Bibliography -- Chapter 10 Epilogue -- References -- Index.
|
| 588 |
|
|
|a Description based on publisher supplied metadata and other sources.
|
| 590 |
|
|
|a Electronic reproduction. Ann Arbor, Michigan : ProQuest Ebook Central, 2023. Available via World Wide Web. Access may be limited to ProQuest Ebook Central affiliated libraries.
|
| 655 |
|
4 |
|a Electronic books.
|
| 700 |
1 |
|
|a Passerini, Luisa.
|
| 700 |
1 |
|
|a Kaasik-Krogerus, Sigrid.
|
| 700 |
1 |
|
|a van Huis, Iris.
|
| 776 |
0 |
8 |
|i Print version:
|a Lähdesmäki, Tuuli
|t Dissonant Heritages and Memories in Contemporary Europe
|d Cham : Springer International Publishing AG,c2019
|z 9783030114633
|
| 797 |
2 |
|
|a ProQuest (Firm)
|
| 830 |
|
0 |
|a Palgrave Studies in Cultural Heritage and Conflict Series
|
| 856 |
4 |
0 |
|u https://ebookcentral.proquest.com/lib/matrademy/detail.action?docID=5926362
|z Click to View
|